LEADER 01172nam a2200289 i 4500 001 000000039938 003 CaOOAMICUS 005 20060911000000.0 008 060911s1965 it u000 u ita u 013 $a11094 040 $aSeMil$bita 100 0 $aBasilius : Caesariensis,$c.$0(OLS)http://semarc/name/99860 245 10$aOmelie sui salmi /$cS. Basilio di Cesarea ; versione, introduzione e note a cura di Adriana Regaldo Raccone. 260 $a[Italia] :$bPaoline,$c1965. 300 $a323 p. ;$c20 cm. 490 0 $aPatristica 500 $aContiene : Nota bibliografica. 650 4$aPatristica - Scrittori greci.$0(OLS)http://semarc/subject/167 700 1 $aRegaldo Raccone, Adriana.$0(OLS)http://semarc/name/19437 830 0$aPatristica.$0(OLS)http://semarc/title/6204 850 $aSeMil 852 $aSeMil$W1$xVenegono$y1$m2S II 250$j6093$B6093$CSeMilBibl$Z2$F6093 $81 900 1 $aBasilius : Magnus . 961 $aOmaggio: Donazione 996 $6245$aOmelie sui salmi$9(OLS)http://semarc/title/57162 996 $6260$a[Italia] :$bPaoline$9(OLS)http://semarc/publisher/31241 LEADER 01074nam a2200277 i 4500 001 000000118368 003 CaOOAMICUS 005 20030926000000.0 008 030926s1993 it u000 u ita u 013 $a91061 040 $aSeMil$bita 245 13$aIl processo di Santa Chiara d'Assisi /$ca cura di Nello Vian. 250 $a2. ed. 260 $aMilano :$bO.R.,$c1993. 300 $a122 p. ;$c20 cm. 490 0 $aCollana francescana. Nuova serie ;$v12 500 $aFondo Card. C.M. Martini. 600 04$aChiara : d'Assisi .$0(OLS)http://semarc/subject/7962 700 1 $aVian, Nello,$d<1907-2000>.$0(OLS)http://semarc/name/4389 830 0$aCollana francescana. Nuova serie ;$v12.$0(OLS)http://semarc/title/11022 850 $aSeMil 852 $aSeMil$W1$xVenegono$y1$m3H II 164$j73684$B73684$CSeMilBibl$Z2$F76435 $81 941 1 $a4 961 $aOmaggio: Martini Card. Carlo Maria 996 $6245$aIl processo di Santa Chiara d'Assisi$9(OLS)http://semarc/title/173879 996 $6260$aMilano :$bO.R.$9(OLS)http://semarc/publisher/29789 LEADER 01178nam a2200265 i 4500 001 000000209976 003 CaOOAMICUS 005 20120109000000.0 008 120109s2011 it u000 u mul u 013 $a188768 020 $a978-88-215-7157-2 040 $aSeMil$bita 100 1 $aMazzinghi, Luca,$d<1960- >.$0(OLS)http://semarc/name/13305 245 10$aCantico dei cantici /$ca cura di Luca Mazzinghi. 260 $aCinisello Balsamo :$bSan Paolo,$c2011. 300 $a123 p. ;$c22 cm. 490 0 $aNuova versione della Bibbia dai testi antichi ;$v22 650 4$aBibbia. Antico Testamento. Cantico dei Cantici - Commentari, studi, critica, interpretazioni.$0(OLS)http://semarc/subject/5490 830 0$aNuova versione della Bibbia dai testi antichi ;$v22.$0(OLS)http://semarc/title/32532 850 $aSeMil 852 $aSeMil$W1$xVenegono$y1$m2XA E 22$j230486$B160427$CSeMilBibl$Z2$F171989 $81 961 $aOmaggio: Braccini Annamaria 996 $6020$a978-88-215-7157-2$9(OLS)http://semarc/number/204804 996 $6245$aCantico dei cantici$9(OLS)http://semarc/title/303579 996 $6260$aCinisello Balsamo :$bSan Paolo$9(OLS)http://semarc/publisher/30129